Biblia sacra: juxta vulgate exemplaria et correctoria romana
Guardado en:
| Formato: | Libro |
|---|---|
| Lenguaje: | latín |
| Publicado: |
París
Letouzey et Ané
1887
|
| Edición: | 8a. ed |
| Materias: | |
| Etiquetas: |
Agregar Etiqueta
Sin Etiquetas, Sea el primero en etiquetar este registro!
|
MARC
| LEADER | 00000nam a2200000 a 4500 | ||
|---|---|---|---|
| 001 | UCZ6176 | ||
| 003 | CL-VaPUC | ||
| 008 | 951201e18870000FR |||||||||||||||||lat|d | ||
| 082 | 0 | 4 | |a 220 |b BIB |2 21 |
| 245 | 1 | 0 | |a Biblia sacra: juxta vulgate exemplaria et correctoria romana |
| 250 | |a 8a. ed | ||
| 300 | |a 1366 p | ||
| 942 | |c BK | ||
| 945 | |d 19951201 00:00:00 |a cmena | ||
| 260 | |a París |b Letouzey et Ané |c 1887 | ||
| 650 | 0 | |a Textos sagrados |9 257605 | |
| 650 | 0 | |a Antiguo testamento |9 313678 | |
| 650 | 0 | |a Religión |9 255164 | |
| 583 | |a last modification |c 19951201 00:00:00 |k Rodrigo Vera | ||
| 999 | |c 242427 |d 242425 | ||
| 952 | |0 0 |1 0 |4 0 |6 220_000000000000000_BIB_1887 |7 0 |8 X |9 255384 |a BIBEDU |b BIBEDU |d 2019-11-19 |i 1601296 |o 220 BIB 1887 |p 1601296 |r 2023-01-13 |w 2019-11-19 |y BK_X |k FIL | ||